Obálka Náhled e-knihy:
Epub
Pro půjčování e-knih musíte být přihlášeni.
Jak si půjčit online?

Povídky z druhé kapsy /

Povídky z druhé kapsy je soubor 24 povídek Karla Čapka. Vycházely na pokračování od ledna do září 1929 v Lidových novinách, ve kterých byl Čapek od roku 1921 redaktorem. V roce 1929 byly vydány i knižně. Volně navazují na Povídky z jedné kapsy. Sborník detektivních povídek z pera Karla Čapka patří k...

Celý popis

Uloženo v:
Hlavní autor: Čapek, Karel (Autor)
Médium: E-kniha
Jazyk:Czech
Vydáno: Praha : Artis, 2022
Tagy:
Žádné tagy
LEADER 01544nam a22002297i 4500
001 311735
007 ta
008 260601s2022 xr ||||| |||| 00| 0 cze d
020 |a 9990003629241 
044 |a xr 
100 1 |a  Čapek, Karel  |4 aut 
245 1 0 |a Povídky z druhé kapsy /  |c  Čapek, Karel 
264 1 |a Praha :  |b Artis,  |c 2022 
300 |a 1 online zdroj (117 stran) 
336 |a text  |b txt  |2 rdacontent 
337 |a bez média  |b n  |2 rdamedia 
338 |a online zdroj  |b cr  |2 rdacarrier 
520 2 |a Povídky z druhé kapsy je soubor 24 povídek Karla Čapka. Vycházely na pokračování od ledna do září 1929 v Lidových novinách, ve kterých byl Čapek od roku 1921 redaktorem. V roce 1929 byly vydány i knižně. Volně navazují na Povídky z jedné kapsy. Sborník detektivních povídek z pera Karla Čapka patří ke skvostům české moderní prózy a právem náleží do zlatého fondu české literatury. Příběhy s kriminální zápletkou autor povýšil na studie člověčenství, které dokáží vždy překvapit a zaujmout. Náměty povídek jsou natolik originální, že byly mnohokrát použity pro filmové zpracování. 
910 |a RBIT002 
998 |d 362924  |a https://core.palmknihy.cz/api/books/362924/cover?rkv399  |b https://core.palmknihy.cz/api/books/362924/cover/400?rkv399  |c https://core.palmknihy.cz/api/books/362924/cover/50?rkv399  |e 2099-12-01  |g 117  |i 9990003629241  |j https://core.palmknihy.cz/api/books/362924/preview.epub  |l   |q 49  |r 1  |s https://www.palmknihy.cz/kniha/362924  |t ebook  |y 2022  |z 1 
999 |d 311733